000
00275nam a22001217a 4500
008
180213b xxu||||| |||| 00| 0 eng d
041
_a
eng
080
_a
51
100
_a
39
101
_a
mat
245
_a
the analysis of linear calculus
_c
close.ch.m
942
_2
udc
_c
BK
999
_c
42376
_d
42376